Bharatari Samaj / (Record no. 52452)
[ view plain ]
| 000 -LEADER | |
|---|---|
| fixed length control field | 00631nam a2200229Ia 4500 |
| 001 - CONTROL NUMBER | |
| control field | 52488 |
| 005 - DATE AND TIME OF LATEST TRANSACTION | |
| control field | 20240114005308.0 |
| 007 - PHYSICAL DESCRIPTION FIXED FIELD--GENERAL INFORMATION | |
| fixed length control field | ta |
| 008 - FIXED-LENGTH DATA ELEMENTS--GENERAL INFORMATION | |
| fixed length control field | 100811s2008 g b000 u u |
| 040 ## - CATALOGING SOURCE | |
| Original cataloging agency | Cotton College,Assam |
| 041 ## - LANGUAGE CODE | |
| Language code of original | Bodo |
| 082 ## - DEWEY DECIMAL CLASSIFICATION NUMBER | |
| Classification number | 891.49408 B |
| Item number | Du 851 Bh |
| 100 ## - MAIN ENTRY--PERSONAL NAME | |
| Personal name | Hazary, Karendra . |
| 245 #0 - TITLE STATEMENT | |
| Title | Bharatari Samaj / |
| Statement of responsibility, etc. | Karendra Hazary, Tr. |
| Medium | Textual Documents |
| 260 ## - PUBLICATION, DISTRIBUTION, ETC. | |
| Place of publication, distribution, etc. | Kokrajhar, Assam : |
| Name of publisher, distributor, etc. | Akendra Nath Brahma , |
| Date of publication, distribution, etc. | 2008. |
| 653 ## - INDEX TERM--UNCONTROLLED | |
| Uncontrolled term | Bodo essays-Collection |
| 700 ## - ADDED ENTRY--PERSONAL NAME | |
| Personal name | Dubey, Shyamchandran . |
| 942 ## - ADDED ENTRY ELEMENTS (KOHA) | |
| Source of classification or shelving scheme | Dewey Decimal Classification |
| Koha item type | Books |
| Withdrawn status | Lost status | Damaged status | Not for loan | Collection | Home library | Current library | Date acquired | Coded location qualifier | Total checkouts | Full call number | Barcode | Date last seen | Copy number | Price effective from | Koha item type |
|---|---|---|---|---|---|---|---|---|---|---|---|---|---|---|---|
| Dr. Suryya Kumar Bhuyan Library | Dr. Suryya Kumar Bhuyan Library | 01/02/2012 | 00000 | 891.49408 B Du 851 Bh | 885/Bodo | 14/01/2024 | 1 | 01/02/2012 | Books | ||||||
| Dr. Suryya Kumar Bhuyan Library | Dr. Suryya Kumar Bhuyan Library | 01/02/2012 | 00000 | 891.49408 B Du 851 Bh | 884/Bodo | 14/01/2024 | 2 | 01/02/2012 | Books |
